TĚLOVÝCHOVNÁ JEDNOTKA VE SMÍŠENÉM ODDĚLENÍ

Bibliographic Details
Main Author: Razáková, D. (Author)
Format: Article
Language:Czech

MARC

LEADER 00000nab a2200000uu 4500
001 vtls011141928
003 SK-MaSNL
005 20260303111226.0
008 230121| xo |||||||||||||||||cze|
015 |a SNBRB 
035 |a (urnnbn)urn:nbn:sk:snk:ar-008cxo 
035 |a (uuid)db03f1dc-48ce-467b-84ef-877055237113 
035 |a urn:nbn:sk:snk-abatix 
040 |a SNKBUCL  |b slo  |c SNKBUCL  |e AACR2 
041 0 |a cze 
044 |a xo  |c SK 
100 1 |a Razáková, D.  |4 aut  |9 1123642 
245 1 0 |a TĚLOVÝCHOVNÁ JEDNOTKA VE SMÍŠENÉM ODDĚLENÍ  |c D. Razáková 
773 0 |t Předškolní výchova  |g Roč. 5, č. 6 (1950-1951), s. 202-206 
954 |a odborná, vedecká literatúra cudzojazyčná (svetová)  |2 lita 
958 |a OND 
958 |a EUIPO 
958 |a article14 
999 |c 1875574  |d 1877504